02301cam a2200577 i 4500001001200000003000600012005001700018008004100035020004800076035002200124035002300146040008700169041001300256045001700269046002100286245024600307260011000553300002400663336002700687337005400714338002800768380001600796380002300812388001000835490008500845504001200930546002900942610005200971648001901023648001901042648001901061650001801080650002601098650001301124650002101137650002301158650001901181650005401200650004901254650003201303650005001335650004201385651001601427655001901443655001901462658001301481658003701494700003201531710010601563830005401669xx004851660NUKAT20260430134318.0200430s2019 pl g |001 0 pol c a9788380987647q(oprawa twarda) :czł 40,00 a(OCoLC)1153281819 a(NUKAT)xx004851660 aWR U/asbpolerdacWR U/assdWR U/mwdKAT U/JPsdWR O/ISdWA 14/ABsdOLSZT 008/bak0 apolbeng2 bd1950bd1992 k2019o1950p199200aW imię przyszłości partii :bprocesy o łamanie tzw. praworządności socjalistycznej 1956-1957 : dokumenty /cpod redakcją Marcina Zaborskiego ; Instytut Pamięci Narodowej. Komisja Ścigania Zbrodni Przeciwko Narodowi Polskiemu. aWarszawa :bInstytut Pamięci Narodowej. Komisja Ścigania Zbrodni Przeciwko Narodowi Polskiemu,c2019. a455 stron ;c25 cm. aTekstbtxt2rdacontent aBez urządzenia pośredniczącegobn2rdamedia aWoluminbnc2rdacarrier aKsiążki aPublikacje naukowe1 a2001-1 aCentralny Projekt Badawczy IPN Podziemie Niepodległościowe w Polsce 1944-1956 aIndeks. aStreszczenie angielskie.27aRada Adwokacka (Izba Adwokacka ; Warszawa)2DBN 7a1901-20002DBN 7a1945-19892DBN 7a1989-20002DBN 7aAdwokaci2DBN 7aNaruszenie prawa2DBN 7aPRL2DBN 7aProkuratura2DBN 7aSądownictwo2DBN 7aStalinizm2DBN 7aAdwokaturazPolskay1945-1970vźródła.2kaba 7aPrawozPolskay1945-1970xźródła.2kaba 7aDeontologia zawodowa.2kaba 7aSądyzPolskay1945-1970vźródła.2kaba 7aProkuraturazPolskay1945-1970.2kaba 7aPolska2DBN 7aAntologia2DBN 7aDokumenty2DBN aHistoria aPrawo i wymiar sprawiedliwości1 aZaborski, Marcin.eRedakcja2 aInstytut Pamięci Narodowej - Komisja Ścigania Zbrodni przeciwko Narodowi Polskiemu.eWydawca4pbl 0aPodziemie Niepodległościowe w Polsce 1944-1956